Текст томруулах:    
Administration of physical education and sport programs (Бичлэгийн дугаар. 145686)
000 -УДИРДЛАГА
Удирдлага 02105 a2200457 4500
003 - ХЯНАЛТЫН ТОО ТОДОРХОЙЛОГЧ
Код MN-UlNUM
005 - БИЧИЛТ ХИЙСЭН ОГНОО
Тухайн бичилтийг бичсэн засварласан сүүлийн огноо 20251118164814.0
008 - ЕРӨНХИЙ МЭДЭЭЛЭЛ
Ерөнхий мэдээлэл 110605s2004 maua b 001 0 eng
020 ## - ISBN
ISBN 0072557168
-- 9780072557169
040 ## - БИЧЛЭГ ҮҮСГЭГЧ БАЙГУУЛЛАГА
Бичлэг үүсгэгч номын сангийн код МУИС-ийн номын сан
084 ## - ББК АНГИЛАЛ
ББК ангилал 75.5
Зохиогчийн гурван тэмдэгт H 80
Нэмэлт тусгалт Гарын авлага
Мэдлэгийн ялгаа 75 - Биеийн тамир, спорт
100 1# - ЗОХИОГЧ
Зохиогчийн нэр Horine, Larry
245 10 - ҮНДСЭН ГАРЧИГ
Номын нэр Administration of physical education and sport programs
Оролцогчдын тухай мэдээ Larry Horine, David Stotlar
250 ## - ДАХИН ХЭВЛЭЛТ
Дахин гаралтын дугаар 5th ed.
260 ## - ГАРАЛТЫН МЭДЭЭ
Хэвлэгдсэн газар Boston
Хэвлэлийн газар McGraw-Hill
Хэвлэгдсэн он 2004
300 ## - МАТЕРИАЛЫН ТОДОРХОЙЛОЛТ
хуудасны тоо xvii, 335, A-2, I-10 p. :
Бусад тоон мэдээлэл ill. ;
Хэмжээ 25 cm
500 ## - Тайлбар
Дансны дугаар БС 5878
546 ## - ХЭЛНИЙ ТУХАЙ МЭДЭЭ
Хэл Англи хэл дээр,
653 ## - Түлхүүр үг
Түлхүүр үг sports administration
653 ## - Түлхүүр үг
Түлхүүр үг sports administration
653 ## - Түлхүүр үг
Түлхүүр үг physical education and training
700 1# - ХАМ ЗОХИОГЧИД
Ба бус Stotlar, David Kent
Dates associated with a name 1952-
740 ## - НОМЫН ГАРЧИГ
Гарчиг The Nature of Administration and Management in Sport and Physical Education
740 ## - НОМЫН ГАРЧИГ
Гарчиг Management Functions in Physical Education and Sport
740 ## - НОМЫН ГАРЧИГ
Гарчиг Communication and Motivation in Sport Management and Physical Education
740 ## - НОМЫН ГАРЧИГ
Гарчиг Human Resources in Physical Education and Sport Management
740 ## - НОМЫН ГАРЧИГ
Гарчиг Public Relations, Partnerships, Marketing and Promotion in Sport Management and Physical Education
740 ## - НОМЫН ГАРЧИГ
Гарчиг Financial Management in Physical Education and Sport
740 ## - НОМЫН ГАРЧИГ
Гарчиг Purchasing Maintenance and Security Management in Sport and Physical Education
740 ## - НОМЫН ГАРЧИГ
Гарчиг Law in Physical Education and Sport
740 ## - НОМЫН ГАРЧИГ
Гарчиг Risk Management in Sport and Physical Education
740 ## - НОМЫН ГАРЧИГ
Гарчиг Facility and Equipment Planning, Designing, and Management in Physical Education and Sport
740 ## - НОМЫН ГАРЧИГ
Гарчиг Evaluation in Physical Education and Sport Administration
740 ## - НОМЫН ГАРЧИГ
Гарчиг Data Processing and Office Management in Sport Administration and Physical Education Administration
740 ## - НОМЫН ГАРЧИГ
Гарчиг Administrative Issues Specific to Physical Education and Campus Recreation
740 ## - НОМЫН ГАРЧИГ
Гарчиг Administrative Issues Specific to Athletics and Health-Fitness
740 ## - НОМЫН ГАРЧИГ
Гарчиг The Future of Administration and Sport Management
942 ## - ЭЛЕМЕНТИЙН ТӨРӨЛ
Зүйлийн төрөл Ном